[Event "DEM U14 2024"]
[Site "Willingen GER"]
[Date "2024.05.25"]
[Round "9"]
[White "Nemitz, Alfred"]
[Black "Besou, Hussain"]
[Result "0-1"]
[Termination "normal"]
[Board "2"]
[WhiteTitle "FM"]
[BlackTitle "FM"]
[WhiteElo "2220"]
[BlackElo "2260"]
[WhiteClock "00:38:08"]
[BlackClock "00:27:45"]
[PlyCount "104"]
[WhiteFideId "34601791"]
[BlackFideId "16269950"]
[EventCountry "GER"]
[EventRounds "9"]
[EventType "swiss"]
[EventDate "2024.05.18"]

1. d4 {[%clk 01:30:59]} Nf6 {[%clk 01:30:54]} {[%emt 00:00:06]} 2. Nc3 {[%clk
01:31:21]} {[%emt 00:00:07]} d5 {[%clk 01:31:18]} {[%emt 00:00:06]} 3. Bf4
{[%clk 01:31:47]} {[%emt 00:00:04]} a6 {[%clk 01:31:33]} {[%emt 00:00:15]} 4.
e3 {[%clk 01:32:12]} {[%emt 00:00:05]} e6 {[%clk 01:31:41]} {[%emt 00:00:22]}
5. g4 {[%clk 01:31:27]} {[%emt 00:01:15]} c5 {[%clk 01:29:05]} {[%emt
00:03:06]} 6. g5 {[%clk 01:31:48]} {[%emt 00:00:09]} Nfd7 {[%clk 01:29:28]}
{[%emt 00:00:06]} 7. Nf3 {[%clk 01:32:03]} {[%emt 00:00:16]} Nc6 {[%clk
01:29:20]} {[%emt 00:00:39]} 8. h4 {[%clk 01:32:18]} {[%emt 00:00:14]} b5
{[%clk 01:28:24]} {[%emt 00:01:26]} 9. Be2 {[%clk 01:17:26]} {[%emt 00:15:22]}
b4 {[%clk 01:19:05]} {[%emt 00:09:49]} 10. Na4 {[%clk 01:17:33]} {[%emt
00:00:24]} Qa5 {[%clk 01:14:30]} {[%emt 00:05:05]} 11. c4 {[%clk 01:10:35]}
{[%emt 00:07:27]} bxc3 {[%clk 01:09:26]} {[%emt 00:05:34]} 12. Nxc3 {[%clk
01:08:33]} {[%emt 00:02:32]} cxd4 {[%clk 01:05:56]} {[%emt 00:04:00]} 13. exd4
{[%clk 01:08:38]} {[%emt 00:00:25]} Bb4 {[%clk 01:04:10]} {[%emt 00:02:16]} 14.
Kf1 {[%clk 01:07:21]} {[%emt 00:01:47]} Bb7 {[%clk 00:56:00]} {[%emt 00:08:41]}
15. Kg2 {[%clk 01:03:48]} {[%emt 00:04:02]} O-O {[%clk 00:45:01]} {[%emt
00:11:28]} 16. Qd3 {[%clk 01:01:52]} {[%emt 00:02:26]} Rae8 {[%clk 00:31:28]}
{[%emt 00:14:04]} 17. a3 {[%clk 00:58:09]} {[%emt 00:04:13]} Bxc3 {[%clk
00:30:35]} {[%emt 00:01:23]} 18. Qxc3 {[%clk 00:58:21]} {[%emt 00:00:18]} Qxc3
{[%clk 00:29:49]} {[%emt 00:01:16]} 19. bxc3 {[%clk 00:58:49]} {[%emt
00:00:01]} f6 {[%clk 00:27:09]} {[%emt 00:03:11]} 20. Bd6 {[%clk 00:57:55]}
{[%emt 00:01:24]} Rf7 {[%clk 00:26:31]} {[%emt 00:01:07]} 21. Rab1 {[%clk
00:56:13]} {[%emt 00:02:13]} Bc8 {[%clk 00:26:21]} {[%emt 00:00:40]} 22. Bd3
{[%clk 00:55:53]} {[%emt 00:00:50]} Ne7 {[%clk 00:22:59]} {[%emt 00:03:52]} 23.
h5 {[%clk 00:54:11]} {[%emt 00:02:12]} Nf8 {[%clk 00:21:52]} {[%emt 00:01:37]}
24. Rb6 {[%clk 00:49:25]} {[%emt 00:05:16]} Nf5 {[%clk 00:20:54]} {[%emt
00:01:27]} 25. Bxf8 {[%clk 00:47:39]} {[%emt 00:02:16]} Rfxf8 {[%clk 00:20:01]}
{[%emt 00:01:24]} 26. Bxa6 {[%clk 00:47:45]} {[%emt 00:00:25]} Bxa6 {[%clk
00:19:37]} {[%emt 00:00:54]} 27. Rxa6 {[%clk 00:48:13]} {[%emt 00:00:01]} e5
{[%clk 00:19:58]} {[%emt 00:00:10]} 28. dxe5 {[%clk 00:44:05]} {[%emt
00:04:37]} fxe5 {[%clk 00:20:08]} {[%emt 00:00:20]} 29. g6 {[%clk 00:44:26]}
{[%emt 00:00:09]} h6 {[%clk 00:16:11]} {[%emt 00:04:27]} 30. Ra5 {[%clk
00:39:46]} {[%emt 00:05:09]} e4 {[%clk 00:15:57]} {[%emt 00:00:44]} 31. Nh4
{[%clk 00:39:37]} {[%emt 00:00:39]} Re5 {[%clk 00:12:23]} {[%emt 00:04:06]} 32.
c4 {[%clk 00:35:19]} {[%emt 00:04:47]} Ne7 {[%clk 00:11:01]} {[%emt 00:01:52]}
33. Rh3 {[%clk 00:28:53]} {[%emt 00:06:55]} Rxh5 {[%clk 00:09:55]} {[%emt
00:01:37]} 34. Ra7 {[%clk 00:28:47]} {[%emt 00:00:35]} Nc6 {[%clk 00:06:25]}
{[%emt 00:04:01]} 35. Rc7 {[%clk 00:16:33]} {[%emt 00:12:44]} Ne5 {[%clk
00:05:26]} {[%emt 00:01:29]} 36. cxd5 {[%clk 00:15:54]} {[%emt 00:01:09]} Nd3
{[%clk 00:05:19]} {[%emt 00:00:37]} 37. Rh2 {[%clk 00:12:00]} {[%emt 00:04:24]}
Nf4+ {[%clk 00:03:14]} {[%emt 00:02:35]} 38. Kf1 {[%clk 00:10:29]} {[%emt
00:02:01]} Rxd5 {[%clk 00:03:24]} {[%emt 00:00:20]} 39. Rc1 {[%clk 00:10:41]}
{[%emt 00:00:18]} e3 {[%clk 00:03:25]} {[%emt 00:00:29]} 40. Re1 {[%clk
00:08:35]} {[%emt 00:02:36]} e2+ {[%clk 00:03:22]} {[%emt 00:00:33]} 41. Rxe2
{[%clk 00:08:52]} {[%emt 00:00:12]} Nxe2 42. Kxe2 {[%clk 00:09:21]} Rh5 {[%clk
00:02:54]} {[%emt 00:01:15]} 43. Ke3 {[%clk 00:08:52]} {[%emt 00:00:59]} Ra5
{[%clk 00:03:10]} {[%emt 00:00:14]} 44. f3 {[%clk 00:08:56]} {[%emt 00:00:26]}
Rxa3+ {[%clk 00:03:35]} {[%emt 00:00:05]} 45. Kf2 {[%clk 00:09:15]} {[%emt
00:00:11]} Ra2+ {[%clk 00:29:44]} {[%emt 00:04:21]} 46. Kg3 {[%clk 00:39:43]}
{[%emt 00:00:02]} Rxh2 {[%clk 00:29:47]} {[%emt 00:00:27]} 47. Kxh2 {[%clk
00:40:12]} {[%emt 00:00:01]} Ra8 {[%clk 00:29:58]} {[%emt 00:00:19]} 48. Kg3
{[%clk 00:40:39]} {[%emt 00:00:02]} Kf8 {[%clk 00:30:15]} {[%emt 00:00:14]} 49.
Kg4 {[%clk 00:38:34]} {[%emt 00:02:34]} Ke7 {[%clk 00:27:23]} {[%emt 00:03:23]}
50. f4 {[%clk 00:37:19]} {[%emt 00:01:44]} Kf6 {[%clk 00:27:41]} {[%emt
00:00:13]} 51. Kf3 {[%clk 00:37:40]} {[%emt 00:00:09]} Ra3+ {[%clk 00:27:46]}
{[%emt 00:00:25]} 52. Kg4 {[%clk 00:38:08]} {[%emt 00:00:01]} h5+ {[%clk
00:27:45]} {[%emt 00:00:32]} 0-1

[Event "DEM U14 2024"]
[Site "Willingen GER"]
[Date "2024.05.25"]
[Round "9"]
[White "Sydykov, Bayastan"]
[Black "Nechitaylo, Nikita"]
[Result "1/2-1/2"]
[Termination "normal"]
[Board "3"]
[BlackTitle "CM"]
[WhiteElo "2181"]
[BlackElo "2212"]
[WhiteClock "00:43:35"]
[BlackClock "00:18:02"]
[PlyCount "134"]
[WhiteFideId "13829610"]
[BlackFideId "34138161"]
[EventCountry "GER"]
[EventRounds "9"]
[EventType "swiss"]
[EventDate "2024.05.18"]

1. e4 {[%clk 01:30:56]} {[%emt 00:00:02]} c5 {[%clk 01:30:58]} {[%emt
00:00:04]} 2. Nf3 {[%clk 01:31:19]} {[%emt 00:00:06]} Nc6 {[%clk 01:31:25]}
{[%emt 00:00:03]} 3. d4 {[%clk 01:31:40]} {[%emt 00:00:10]} cxd4 {[%clk
01:31:52]} {[%emt 00:00:04]} 4. Nxd4 {[%clk 01:32:05]} {[%emt 00:00:05]} e5
{[%clk 01:32:19]} {[%emt 00:00:03]} 5. Nb5 {[%clk 01:32:29]} {[%emt 00:00:07]}
d6 {[%clk 01:32:45]} {[%emt 00:00:03]} 6. c4 {[%clk 01:32:49]} {[%emt
00:00:10]} Be6 {[%clk 01:33:10]} {[%emt 00:00:04]} 7. Bd3 {[%clk 01:33:05]}
{[%emt 00:00:14]} g6 {[%clk 01:33:27]} {[%emt 00:00:14]} 8. O-O {[%clk
01:33:21]} {[%emt 00:00:14]} Bg7 {[%clk 01:33:33]} {[%emt 00:00:24]} 9. Be2
{[%clk 01:33:34]} {[%emt 00:00:18]} Nd4 {[%clk 01:29:21]} {[%emt 00:04:41]} 10.
Nxd4 {[%clk 01:33:57]} {[%emt 00:00:07]} exd4 {[%clk 01:29:46]} {[%emt
00:00:05]} 11. Na3 {[%clk 01:32:57]} {[%emt 00:01:30]} Ne7 {[%clk 01:15:29]}
{[%emt 00:14:46]} 12. Bf4 {[%clk 01:27:25]} {[%emt 00:06:02]} Nc6 {[%clk
01:07:50]} {[%emt 00:08:10]} 13. Qd2 {[%clk 01:24:17]} {[%emt 00:03:38]} O-O
{[%clk 00:40:40]} {[%emt 00:27:39]} 14. Rad1 {[%clk 01:22:26]} {[%emt
00:02:22]} Re8 {[%clk 00:37:38]} {[%emt 00:03:32]} 15. b3 {[%clk 01:17:56]}
{[%emt 00:05:00]} f5 {[%clk 00:29:17]} {[%emt 00:08:51]} 16. exf5 {[%clk
01:15:50]} {[%emt 00:02:35]} Bxf5 {[%clk 00:29:38]} {[%emt 00:00:09]} 17. Nb5
{[%clk 01:06:59]} {[%emt 00:09:22]} Be5 {[%clk 00:24:43]} {[%emt 00:05:24]} 18.
Bf3 {[%clk 01:06:06]} {[%emt 00:01:23]} d3 {[%clk 00:19:32]} {[%emt 00:05:42]}
19. Rfe1 {[%clk 01:04:53]} {[%emt 00:01:43]} a6 {[%clk 00:16:44]} {[%emt
00:03:18]} 20. Bd5+ {[%clk 01:04:35]} {[%emt 00:00:48]} Be6 {[%clk 00:13:08]}
{[%emt 00:04:05]} 21. Nc3 {[%clk 01:03:33]} {[%emt 00:01:32]} Bxd5 {[%clk
00:02:28]} {[%emt 00:11:11]} 22. Nxd5 {[%clk 01:01:34]} {[%emt 00:02:28]} Bxf4
{[%clk 00:02:12]} {[%emt 00:00:47]} 23. Rxe8+ {[%clk 01:00:30]} {[%emt
00:01:33]} Qxe8 {[%clk 00:02:39]} {[%emt 00:00:03]} 24. Nxf4 {[%clk 01:00:50]}
{[%emt 00:00:11]} Qf7 {[%clk 00:00:50]} {[%emt 00:02:18]} 25. Nd5 {[%clk
01:00:05]} {[%emt 00:01:15]} Rf8 {[%clk 00:00:43]} {[%emt 00:00:37]} 26. f4
{[%clk 00:57:12]} {[%emt 00:03:23]} Ne7 {[%clk 00:00:31]} {[%emt 00:00:42]} 27.
Qxd3 {[%clk 00:55:34]} {[%emt 00:02:08]} Nxd5 {[%clk 00:00:59]} {[%emt
00:00:03]} 28. Qxd5 {[%clk 00:55:56]} {[%emt 00:00:07]} Qxd5 {[%clk 00:01:28]}
{[%emt 00:00:02]} 29. Rxd5 {[%clk 00:56:16]} {[%emt 00:00:09]} Rf6 {[%clk
00:00:59]} {[%emt 00:00:59]} 30. g3 {[%clk 00:55:24]} {[%emt 00:01:23]} Kf7
{[%clk 00:01:17]} {[%emt 00:00:12]} 31. c5 {[%clk 00:50:37]} {[%emt 00:05:17]}
dxc5 {[%clk 00:01:24]} {[%emt 00:00:22]} 32. Rd7+ {[%clk 00:47:56]} {[%emt
00:03:12]} Kg8 {[%clk 00:01:29]} {[%emt 00:00:24]} 33. Rxb7 {[%clk 00:48:15]}
{[%emt 00:00:12]} Rd6 {[%clk 00:01:52]} {[%emt 00:00:07]} 34. a4 {[%clk
00:46:49]} {[%emt 00:01:57]} Rd2 {[%clk 00:00:46]} {[%emt 00:01:34]} 35. Rc7
{[%clk 00:46:06]} {[%emt 00:01:13]} Rc2 {[%clk 00:00:42]} {[%emt 00:00:34]} 36.
Rc6 {[%clk 00:43:28]} {[%emt 00:03:08]} Rb2 {[%clk 00:00:31]} {[%emt 00:00:42]}
37. Rxc5 {[%clk 00:43:47]} {[%emt 00:00:10]} Rxb3 {[%clk 00:00:54]} {[%emt
00:00:08]} 38. Rc6 {[%clk 00:44:07]} {[%emt 00:00:09]} a5 {[%clk 00:00:58]}
{[%emt 00:00:26]} 39. Rc5 {[%clk 00:44:20]} {[%emt 00:00:17]} Ra3 {[%clk
00:01:08]} {[%emt 00:00:20]} 40. Rxa5 {[%clk 00:44:44]} {[%emt 00:00:07]} h5
{[%clk 00:00:48]} {[%emt 00:00:49]} 41. Kg2 {[%clk 00:43:07]} {[%emt 00:02:08]}
Ra2+ {[%clk 00:24:28]} {[%emt 00:06:50]} 42. Kh3 {[%clk 01:10:54]} {[%emt
00:02:42]} Kg7 {[%clk 00:19:25]} {[%emt 00:05:33]} 43. Ra7+ {[%clk 01:10:12]}
{[%emt 00:01:12]} Kf6 {[%clk 00:18:48]} {[%emt 00:01:07]} 44. a5 {[%clk
01:10:14]} {[%emt 00:00:29]} g5 {[%clk 00:17:32]} {[%emt 00:01:45]} 45. fxg5+
{[%clk 01:10:32]} {[%emt 00:00:13]} Kxg5 {[%clk 00:17:58]} {[%emt 00:00:04]}
46. a6 {[%clk 01:09:48]} {[%emt 00:01:14]} Kg6 {[%clk 00:18:11]} {[%emt
00:00:15]} 47. Ra8 {[%clk 01:09:02]} {[%emt 00:01:17]} Kg7 {[%clk 00:17:56]}
{[%emt 00:00:45]} 48. a7 {[%clk 01:08:39]} {[%emt 00:00:53]} Kh7 {[%clk
00:17:22]} {[%emt 00:01:04]} 49. Kh4 {[%clk 01:08:18]} {[%emt 00:00:51]} Rxh2+
{[%clk 00:15:35]} {[%emt 00:02:17]} 50. Kg5 {[%clk 01:08:46]} {[%emt 00:00:02]}
Ra2 {[%clk 00:15:58]} {[%emt 00:00:07]} 51. Kxh5 {[%clk 01:08:52]} {[%emt
00:00:24]} Ra5+ {[%clk 00:15:21]} {[%emt 00:01:07]} 52. Kg4 {[%clk 01:07:47]}
{[%emt 00:01:35]} Kg7 {[%clk 00:15:07]} {[%emt 00:00:43]} 53. Kf4 {[%clk
01:07:34]} {[%emt 00:00:44]} Ra1 {[%clk 00:14:14]} {[%emt 00:01:23]} 54. Ke5
{[%clk 00:54:02]} {[%emt 00:14:02]} Re1+ {[%clk 00:14:12]} {[%emt 00:00:32]}
55. Kf5 {[%clk 00:51:56]} {[%emt 00:02:37]} Rf1+ {[%clk 00:14:12]} {[%emt
00:00:29]} 56. Kg5 {[%clk 00:52:00]} {[%emt 00:00:25]} Ra1 {[%clk 00:14:34]}
{[%emt 00:00:08]} 57. g4 {[%clk 00:51:30]} {[%emt 00:01:01]} Ra5+ {[%clk
00:14:52]} {[%emt 00:00:12]} 58. Kh4 {[%clk 00:51:05]} {[%emt 00:00:55]} Ra4
{[%clk 00:15:16]} {[%emt 00:00:07]} 59. Kh5 {[%clk 00:51:22]} {[%emt 00:00:12]}
Ra1 {[%clk 00:15:24]} {[%emt 00:00:22]} 60. Kh4 {[%clk 00:48:52]} {[%emt
00:03:00]} Ra4 {[%clk 00:15:49]} {[%emt 00:00:06]} 61. Rb8 {[%clk 00:45:21]}
{[%emt 00:04:01]} Rxa7 {[%clk 00:15:59]} {[%emt 00:00:20]} 62. Kh5 {[%clk
00:45:36]} {[%emt 00:00:14]} Ra5+ {[%clk 00:16:16]} {[%emt 00:00:13]} 63. Kh4
{[%clk 00:44:54]} {[%emt 00:01:12]} Kg6 {[%clk 00:16:34]} {[%emt 00:00:12]} 64.
Rg8+ {[%clk 00:44:23]} {[%emt 00:01:01]} Kf7 {[%clk 00:16:50]} {[%emt
00:00:14]} 65. Rb8 {[%clk 00:43:40]} {[%emt 00:01:13]} Kg6 {[%clk 00:17:15]}
{[%emt 00:00:05]} 66. Rb6+ {[%clk 00:43:47]} {[%emt 00:00:24]} Kg7 {[%clk
00:17:40]} {[%emt 00:00:04]} 67. Rc6 {[%clk 00:43:35]} {[%emt 00:00:42]} Rb5
{[%clk 00:18:02]} {[%emt 00:00:08]} 1/2-1/2

[Event "DEM U14 2024"]
[Site "Willingen GER"]
[Date "2024.05.25"]
[Round "9"]
[White "Nuñez Grégoire, Daniel"]
[Black "Skembris, Simon Max"]
[Result "1-0"]
[Termination "normal"]
[Board "4"]
[WhiteElo "1961"]
[BlackElo "2009"]
[WhiteClock "00:13:02"]
[BlackClock "00:15:17"]
[PlyCount "119"]
[WhiteFideId "34627103"]
[BlackFideId "16281381"]
[EventCountry "GER"]
[EventRounds "9"]
[EventType "swiss"]
[EventDate "2024.05.18"]

1. d4 {[%clk 01:30:58]} {[%emt 00:00:01]} Nf6 {[%clk 01:30:46]} {[%emt
00:00:14]} 2. Nf3 {[%clk 01:31:25]} {[%emt 00:00:03]} e6 {[%clk 01:31:00]}
{[%emt 00:00:16]} 3. c4 {[%clk 01:31:50]} {[%emt 00:00:05]} Bb4+ {[%clk
01:30:18]} {[%emt 00:01:15]} 4. Nbd2 {[%clk 01:32:16]} {[%emt 00:00:02]} d5
{[%clk 01:29:26]} {[%emt 00:01:22]} 5. e3 {[%clk 01:32:18]} {[%emt 00:00:26]}
O-O {[%clk 01:28:47]} {[%emt 00:01:09]} 6. a3 {[%clk 01:31:43]} {[%emt
00:01:06]} Be7 {[%clk 01:27:38]} {[%emt 00:01:39]} 7. Bd3 {[%clk 01:30:59]}
{[%emt 00:01:13]} b6 {[%clk 01:24:26]} {[%emt 00:03:43]} 8. cxd5 {[%clk
01:30:36]} {[%emt 00:00:52]} exd5 {[%clk 01:23:17]} {[%emt 00:01:39]} 9. O-O
{[%clk 01:30:15]} {[%emt 00:00:51]} Bb7 {[%clk 01:20:03]} {[%emt 00:03:44]} 10.
b3 {[%clk 01:29:26]} {[%emt 00:01:19]} Bd6 {[%clk 01:16:27]} {[%emt 00:04:07]}
11. Bb2 {[%clk 01:28:55]} {[%emt 00:01:01]} Nbd7 {[%clk 01:14:50]} {[%emt
00:02:07]} 12. Ne5 {[%clk 01:26:54]} {[%emt 00:02:31]} Ne4 {[%clk 01:08:36]}
{[%emt 00:06:44]} 13. Qc2 {[%clk 01:20:53]} {[%emt 00:06:30]} Nxd2 {[%clk
00:58:58]} {[%emt 00:10:09]} 14. Qxd2 {[%clk 01:16:37]} {[%emt 00:04:46]} Qe7
{[%clk 00:54:47]} {[%emt 00:04:41]} 15. Nxd7 {[%clk 01:16:08]} {[%emt
00:00:58]} Qxd7 {[%clk 00:54:54]} {[%emt 00:00:24]} 16. Rfc1 {[%clk 01:12:57]}
{[%emt 00:03:41]} f5 {[%clk 00:50:09]} {[%emt 00:05:15]} 17. g3 {[%clk
01:11:09]} {[%emt 00:02:18]} Rae8 {[%clk 00:45:29]} {[%emt 00:05:10]} 18. Bc3
{[%clk 01:09:59]} {[%emt 00:01:39]} f4 {[%clk 00:30:48]} {[%emt 00:15:11]} 19.
Bb4 {[%clk 01:01:23]} {[%emt 00:09:06]} fxe3 {[%clk 00:25:03]} {[%emt
00:06:16]} 20. fxe3 {[%clk 01:00:45]} {[%emt 00:01:08]} Rf3 {[%clk 00:23:58]}
{[%emt 00:01:35]} 21. Bxd6 {[%clk 00:49:28]} {[%emt 00:11:46]} Qxd6 {[%clk
00:19:54]} {[%emt 00:04:35]} 22. Qc2 {[%clk 00:42:28]} {[%emt 00:07:29]} Rfxe3
{[%clk 00:18:07]} {[%emt 00:02:18]} 23. Bxh7+ {[%clk 00:33:14]} {[%emt
00:09:44]} Kh8 {[%clk 00:18:15]} {[%emt 00:00:22]} 24. Bg6 {[%clk 00:30:09]}
{[%emt 00:03:35]} R8e6 {[%clk 00:17:16]} {[%emt 00:01:29]} 25. Bf5 {[%clk
00:25:37]} {[%emt 00:05:02]} Re7 {[%clk 00:16:55]} {[%emt 00:00:51]} 26. Bd3
{[%clk 00:19:16]} {[%emt 00:06:50]} c5 {[%clk 00:12:17]} {[%emt 00:05:08]} 27.
Rf1 {[%clk 00:18:28]} {[%emt 00:01:19]} Re8 {[%clk 00:08:10]} {[%emt 00:04:37]}
28. Rf4 {[%clk 00:15:43]} {[%emt 00:03:14]} R3e6 {[%clk 00:05:17]} {[%emt
00:03:23]} 29. Qf2 {[%clk 00:12:51]} {[%emt 00:03:22]} Rf6 {[%clk 00:04:37]}
{[%emt 00:01:11]} 30. Rxf6 {[%clk 00:07:57]} {[%emt 00:05:23]} Qxf6 {[%clk
00:04:47]} {[%emt 00:00:21]} 31. Qxf6 {[%clk 00:08:14]} {[%emt 00:00:12]} gxf6
{[%clk 00:05:16]} {[%emt 00:00:02]} 32. Kf2 {[%clk 00:08:03]} {[%emt 00:00:41]}
cxd4 {[%clk 00:04:16]} {[%emt 00:01:30]} 33. Re1 {[%clk 00:07:35]} {[%emt
00:00:57]} Re5 {[%clk 00:04:02]} {[%emt 00:00:45]} 34. Re2 {[%clk 00:06:24]}
{[%emt 00:01:40]} Kg7 {[%clk 00:03:04]} {[%emt 00:01:29]} 35. Kf3 {[%clk
00:05:13]} {[%emt 00:01:41]} Kf7 {[%clk 00:01:32]} {[%emt 00:02:02]} 36. Kf4
{[%clk 00:05:11]} {[%emt 00:00:33]} Rxe2 {[%clk 00:00:35]} {[%emt 00:01:26]}
37. Bxe2 {[%clk 00:05:39]} {[%emt 00:00:01]} Bc8 {[%clk 00:00:54]} {[%emt
00:00:12]} 38. g4 {[%clk 00:05:41]} {[%emt 00:00:28]} Kg6 {[%clk 00:00:46]}
{[%emt 00:00:38]} 39. Bd3+ {[%clk 00:05:41]} {[%emt 00:00:29]} Kh6 {[%clk
00:00:40]} {[%emt 00:00:37]} 40. h4 {[%clk 00:05:18]} {[%emt 00:00:53]} Bd7
{[%clk 00:00:33]} {[%emt 00:00:37]} 41. g5+ {[%clk 00:27:47]} {[%emt 00:08:01]}
Kg7 {[%clk 00:29:16]} {[%emt 00:01:46]} 42. h5 {[%clk 00:26:32]} {[%emt
00:01:45]} fxg5+ {[%clk 00:28:51]} {[%emt 00:00:55]} 43. Kxg5 {[%clk 00:26:52]}
{[%emt 00:00:10]} a5 {[%clk 00:25:39]} {[%emt 00:03:43]} 44. h6+ {[%clk
00:26:28]} {[%emt 00:00:54]} Kf7 {[%clk 00:25:01]} {[%emt 00:01:07]} 45. Kf4
{[%clk 00:21:06]} {[%emt 00:05:52]} Kf6 {[%clk 00:23:10]} {[%emt 00:02:22]} 46.
h7 {[%clk 00:21:02]} {[%emt 00:00:33]} Kg7 {[%clk 00:23:30]} {[%emt 00:00:11]}
47. Ke5 {[%clk 00:19:55]} {[%emt 00:01:37]} Be8 {[%clk 00:22:42]} {[%emt
00:01:18]} 48. b4 {[%clk 00:13:28]} {[%emt 00:06:57]} axb4 {[%clk 00:16:31]}
{[%emt 00:06:41]} 49. axb4 {[%clk 00:13:48]} {[%emt 00:00:09]} Bf7 {[%clk
00:14:52]} {[%emt 00:02:10]} 50. Kxd4 {[%clk 00:11:28]} {[%emt 00:02:49]} Kh8
{[%clk 00:14:31]} {[%emt 00:00:51]} 51. Ke5 {[%clk 00:11:46]} {[%emt 00:00:13]}
Kg7 {[%clk 00:14:54]} {[%emt 00:00:06]} 52. Kd6 {[%clk 00:12:05]} {[%emt
00:00:11]} Be8 {[%clk 00:14:31]} {[%emt 00:00:53]} 53. Kxd5 {[%clk 00:12:23]}
{[%emt 00:00:12]} Ba4 {[%clk 00:14:38]} {[%emt 00:00:23]} 54. Kd6 {[%clk
00:12:39]} {[%emt 00:00:14]} Be8 {[%clk 00:14:45]} {[%emt 00:00:23]} 55. Kc7
{[%clk 00:13:01]} {[%emt 00:00:08]} b5 {[%clk 00:14:44]} {[%emt 00:00:32]} 56.
Kb6 {[%clk 00:13:25]} {[%emt 00:00:05]} Bd7 {[%clk 00:15:02]} {[%emt 00:00:12]}
57. Kc5 {[%clk 00:13:48]} {[%emt 00:00:07]} Be8 {[%clk 00:15:08]} {[%emt
00:00:25]} 58. Bxb5 {[%clk 00:13:09]} {[%emt 00:01:08]} Bg6 {[%clk 00:15:19]}
{[%emt 00:00:19]} 59. Bc4 {[%clk 00:13:08]} {[%emt 00:00:31]} Be8 {[%clk
00:15:17]} {[%emt 00:00:32]} 60. Bd3 {[%clk 00:13:02]} {[%emt 00:00:36]} 1-0